| 000 | 00334nam a22001217a 4500 | ||
|---|---|---|---|
| 003 | OSt | ||
| 008 | 150406b xxu||||| |||| 00| 0 eng d | ||
| 100 | 1 | _aRobert P. Odenweller | |
| 041 | _aeng | ||
| 245 | 1 | 0 | _aThe stamps and postal history of nineteenth century Samoa |
| 260 |
_aLondon _bRoyal Philatelic Society London; |
||
| 300 | _a0 pages | ||
| 999 |
_c1134 _d1134 |
||